000 00744nam a22002055i 4500
001 178244
003 ES-MaACL
005 20250827100954.0
008 110524s1968 sp |||| | spa d
080 _a308(954)
245 0 4 _aLos habitantes de las doscientas islas.
260 _aMadrid :
_bDelblan,
_cD. L. 1968.
300 _a16 p. ;
_c16 cm.
490 1 _aMosaico cultural : colección de temas instructivos. 3. Los países exóticos ;
_v12
500 _aEncuadernado con otros títulos.
650 4 _aPapúes-
_xUsos y costumbres.
_9146699
830 0 0 _aMosaico cultural: colección de temas instructivos.
_pLos países exóticos
_v12
_9190821
852 _aES-MaACL
_jE-15190 (12)
_xOlim P-1923
999 _c178244
_d178244